000 00522cam a22002171 4500
001 sa 68016819
003 DLC
005 20260227112657.0
008 900108s1968 ii 000 1 beno
010 _asa 68016819
035 _a(OCoLC)20860705
040 _aDLC
_cWaU
_dDLC
042 _apremarc
050 0 0 _aPK1718.M47
_bK25
100 1 _aMitra, Bimal,
_d1912-1991.
245 1 0 _aKalakātā theke balachi.
260 _c[1968]
300 _a200 p.
_c23 cm.
500 _aIn Bengali.
500 _aShort stories.
999 _c87320
_d87320